000 00392nam a2200169Ia 4500
001 19223
003 GE_BSU
008 181216s||||||||xx |||||||||||||| ||und||
040 _cGE_BSU
245 _aParis Match, №3499 du 9 AU 15 juin.2016
260 _aParis
260 _c2016
300 _a123p;ill;30cm
653 _aParis Match
653 _aპერიოდიკა
942 _cCR
999 _c52215
_d52215